000 00399nam a2200157Ia 4500
008 200103s9999||||xx |||||||||||||| ||und||
020 _a9780713669473,
040 _aIMU-MPC
082 _aColumn-9
100 _aMorton, Thomas D.
245 0 _aReed's motor engineering knowledge for marine engineers
250 _aVol. 12
260 _bAdlard Coles Nautical
_c2006
300 _a299
942 _cBK
999 _c4193
_d4193